Total Drama Couples! [3 - Statistics

General Stats
  • This quiz has been taken 1,461 times
  • The average score is 10 of 13
Answer Stats
Hint Answer % Correct
Season 1 Trent and Gwen
97%
Season 1 Duncan and Courtney
96%
Season 3 Heather and Alejandro
89%
Season 1 Geoff and Bridgette
88%
Season 1 Lindsay and Tyler
87%
Season 1 Owen and Izzy
86%
Season 5 Gwen and Duncan
85%
Season 1 Harold and Leshawna
85%
Season 4 Mike and zoey
81%
Season 3 Sierra and Cody
79%
Season 5 Scott and Courtney
72%
Season 4 Sam and Dakota
63%
Season 5 Sierra and Cameron
40%
No matching quizzes found
Score Distribution
Percent of People with Each Score
Percentile by Number Answered
Your Score History
You have not taken this quiz